| 000 | 01089nam0a22002891 4500 | ||
|---|---|---|---|
| 001 | rc\3157919 | ||
| 005 | 20250530073458.0 | ||
| 035 | _a(NLR Aleph) 007300516 | ||
| 090 |
_a5705364 _c5705364 |
||
| 100 | _a20120615d1976 |||y0rusy50 ca | ||
| 101 | 0 | _arus | |
| 102 | _aRU | ||
| 105 | _ay z ||||| | ||
| 200 | 1 |
_aСовременное состояние профориентации и выбора профессии молодежи сельских районов Азербайджанской ССР _e(На базе конкретных социол. исследований) _fАзНИИНТИ |
|
| 210 |
_aБаку _cБ. и. _d1976 |
||
| 215 |
_a42 с. _d26 |
||
| 225 | 1 | _aОперативная информация | |
| 300 | _aВ вып. дан.: Садыхов М.С.М., Халилов Б.Б. | ||
| 320 | _aБиблиогр.: с. 41 | ||
| 333 | _aДСП. Экз. № 494 | ||
| 701 | 1 |
_aСадыхов _bМ.С.М. |
|
| 701 | 1 |
_aХалилов _bБ.Б. |
|
| 801 | 0 |
_aRU _bNLR _gpsbo |
|
| 801 | 1 |
_aRU _bELAR _2rusmarc |
|
| 852 |
_aNLR _j76-50К/991 |
||
| 942 | _cBOOK | ||
| 980 | _aNB | ||